| 000 | 00401nam a22001457a 4500 | ||
|---|---|---|---|
| 008 | 240930b |||||||| |||| 00| 0 eng d | ||
| 020 | _a9780099561545 | ||
| 082 | _a813.54 | ||
| 100 | _aWilliams John | ||
| 245 |
_aStoner: _bWith an introduction by John McGahern |
||
| 260 |
_aLondon : _bVintage, _c2012. |
||
| 300 |
_axvi, p. 288; _c19.9 Cm. |
||
| 700 |
_aHohn McGahern _eIntroduction |
||
| 942 | _2ddc | ||
| 999 |
_c10046 _d10047 |
||